Movie Word Quintets XIII Quiz Stats

 Plays Quiz Updated Jul 20, 2018

Score 0/30 Timer 08:00
3 Plays Today
% Correct
Raiders of the Lost Ark
92.9%
Dirty Dancing
91.8%
Dirty Harry
89.6%
Lost in Translation
82.2%
The 40-Year-Old Virgin
81.6%
No Country for Old Men
80.1%
The Lost Boys
73.9%
Old School
72.8%
Out of Africa
71.6%
Dirty Rotten Scoundrels
71%
The Dirty Dozen
67.4%
Grumpy Old Men
66.9%
The Color of Money
65.9%
Funny Girl
65.4%
The Money Pit
64.8%
% Correct
Funny People
56.6%
Wall Street: Money Never Sleeps
53.7%
Land of the Lost
50.9%
Arsenic and Old Lace
37%
Money Train
36.1%
Funny Face
31.1%
Out of Sight
26.9%
Money Talks
23.9%
Funny Games
18.4%
Blow Out
18.3%
In & Out
17.4%
Lost Highway
16%
Out of the Furnace
10.9%
It's Kind of a Funny Story
10.6%
Dirty Pretty Things
7.5%

You're not logged in!

Compare scores with friends on all Sporcle quizzes.
OR
Log In

You Might Also Like...

Show Comments

Extras

Top Quizzes Today


Score Distribution

Your Account Isn't Verified!

In order to create a playlist on Sporcle, you need to verify the email address you used during registration. Go to your Sporcle Settings to finish the process.

Report this User

Report this user for behavior that violates our Community Guidelines.

Details: